Fr. Conceicao Rodrigues College of Engineering

Rethinking radicalism in Indian society-Bhagat singh and beyond (Record no. 29125)

MARC details
000 -LEADER
fixed length control field 00290nam a2200121Ia 4500
100 ## - MAIN ENTRY--PERSONAL NAME
Personal name Dr.Jose George
245 ## - TITLE STATEMENT
Title Rethinking radicalism in Indian society-Bhagat singh and beyond
260 ## - PUBLICATION, DISTRIBUTION, ETC.
Name of publisher, distributor, etc. Himalaya Publishers
Date of publication, distribution, etc. 2003
300 ## - PHYSICAL DESCRIPTION
Extent 208
546 ## - LANGUAGE NOTE
Language note ENGLISH
942 ## - ADDED ENTRY ELEMENTS (KOHA)
Koha item type BOOK
Holdings
Withdrawn status Lost status Damaged status Not for loan Collection Home library Current library Date acquired Cost, normal purchase price Total Checkouts Full call number Barcode Date last seen Cost, replacement price Price effective from Koha item type
        CRC Fr. Agnel's C.Rodrigues College of Engineering Fr. Agnel's C.Rodrigues College of Engineering 17/03/2023 895.00   19495 17/03/2023 895.00   BOOK